LEADER 01102nam a2200253 4500 001 000000360449 003 CaOOAMICUS 005 20241024162620.0 008 241023s2008 it a 000 u ita r 020 $a978-88-17-01888-3 040 $aSeMil$bita 100 1 $aValori, Giancarlo Elia,$d<1940- >.$0(OLS)http://semarc/name/53087 245 10$aMediterraneo tra pace e terrorismo /$cGiancarlo Elia Valori ; [prefazione di Shimon Peres]. 264 1$aMilano :$bRizzoli,$c2008. 300 $a318 p., [4] c. di tav. :$bill. ;$c23 cm 650 4$aMediterraneo - Popolazioni.$0(OLS)http://semarc/subject/50749 700 1 $aPeres, Shimon <1923-2016>.$0(OLS)http://semarc/name/54897 850 $aSeMil 852 $aSeMil$W1$xVenegono$y1$m3M IV 321$j251892$B251456$CSeMilBibl$Z2$F251456 $81 961 $aBuzzi mons. Franco - Omaggio 996 $6020$a978-88-17-01888-3$9(OLS)http://semarc/number/301621 996 $6245$aMediterraneo tra pace e terrorismo$9(OLS)http://semarc/title/450949 996 $6264$aMilano :$bRizzoli$9(OLS)http://semarc/publisher/29824 LEADER 01287nam a2200289 4500 001 000000348070 003 CaOOAMICUS 005 20211008121003.0 008 211008s2010 it 000 u ita r 020 $a978-88-459-2489-7 040 $aSeMil$bita 100 1 $aSpence, Jonathan D.,$d<1936- >.$0(OLS)http://semarc/name/114792 240 14$aThe memory palace of Matteo Ricci.$0(OLS)http://semarc/title/437406 245 13$aIl palazzo della memoria di Matteo Ricci /$cJonathan D. Spence ; traduzione di Flavia Pesetti. 264 1$aMilano :$bAdelphi,$c2010. 300 $a384 p., 1 carta geogr. ;$c22 cm 490 1 $aL'oceano delle storie ;$v14 600 14$aRicci, Matteo .$0(OLS)http://semarc/subject/3746 700 1 $aPesetti, Flavia.$0(OLS)http://semarc/name/114793 830 2$aL'oceano delle storie ;$v14.$0(OLS)http://semarc/title/19365 850 $aSeMil 852 $aSeMil$W1$xVenegono$y1$m3G III 426$j229620$B239112$CSeMilBibl$Z2$F239112 $81 961 $aPerego don Stefano - Omaggio 996 $6020$a978-88-459-2489-7$9(OLS)http://semarc/number/294262 996 $6245$aIl palazzo della memoria di Matteo Ricci$9(OLS)http://semarc/title/437407 996 $6264$aMilano :$bAdelphi$9(OLS)http://semarc/publisher/30018